| 000 | 00725nam a22002297a 4500 | ||
|---|---|---|---|
| 999 |
_c3862 _d3862 |
||
| 003 | AR-CdUCM | ||
| 008 | 190307b ||||| |||| 00| 0 spa d | ||
| 040 |
_aMUNICIPALIDAD PROVINCIAL DEL CUSCO _cBIBLIOTECA MUNICIPAL DEL CUSCO |
||
| 082 |
_22ed. _a869.50 / _bR77 |
||
| 100 |
_aRojas, Ricardo _912413 |
||
| 245 |
_aOllantay : _bTragedia en los Andes / |
||
| 260 |
_aBuenos Aires : _bEditorial Losada, _c1941. |
||
| 300 |
_a218 páginas ; _c18 cm. |
||
| 500 | _aDedicatoria | ||
| 505 | _aContenido: Exégesis de la tragedia -- Ollantay -- El destino -- El rapto... | ||
| 650 |
_aDrama Inca _912414 |
||
| 650 |
_aAndes _9319 |
||
| 650 |
_aTragedia _9559 |
||
| 650 |
_aOllantay _912391 |
||
| 942 |
_2ddc _cLIBROS |
||
| 945 | _adavv | ||